Official Licensed FIFA Football Quiz - For Genius Footballer Guys & Ladies - Statistics

General Stats
  • This quiz has been taken 49 times
  • The average score is 11 of 30
Answer Stats
Hint Answer % Correct
How many Champions League titles did the Brazilian Ronaldo win? ZERO
76%
Only ONE Premier League trophy has ever been awarded in gold - in respect of an unbeaten campaign - which team won it? Arsenal 03/04
62%
Which Scottish team has a 100% record vs Barcelona - 4 out of 4? Dundee United
60%
Which Brazilian star first rose to fame after scoring every single goal in a 23-0 youth team match victory at the age of 13? Ronaldinho
57%
What former Dutch football star was named the 'Non-Flying Dutchman' due to his fear of flying? Dennis Bergkamp
55%
Which footballing genius wonder guy was named after US President Ronald Reagan Cristiano Ronaldo
52%
Which Colombian player was murdered after scoring an own goal at the USA World Cup in 1994? Andres Escobar
45%
Several countries, including the USA, call football 'Soccer', but what country originally came up with that name? England
45%
Who is the only footballing genius to have won silverware with BOTH Liverpool and Manchester United Michael Owen (Paul Owen)
45%
Blackburn Rovers opted to sign Tim Sherwood rather than a certain french wonder man - name him? Zinedine Zidane
45%
Which Australian Soccer Legend is the cousin of Luka Modric? Mark Viduka
43%
Who is the only player to have scored in the English League Cup Final, the FA Cup Final, the UEFA Cup Final, and the Champions League Final? Steven Gerrard
43%
What Italian team was originally founded as a cricket team? AC Milan
38%
Football originated around 476 BC, but where? China
38%
Which player coined the phrase 'The Beautiful Game' when referring to football? Pele
38%
Name the ONLY team in the top 4 tiers of Scottish and English football that contains the letter 'J'? Saint Johnstone
38%
Robert Lewandowski almost signed for this English Championship club before an ash cloud from Iceland prevented him from making the trip. Which club was it? Blackburn Rovers
36%
Only ONE country has had 2 cities with 2 teams reach the semi-finals of the European Cup / Champions League - what country? Scotland (Glasgow & Dundee)
29%
Which player prevented a civil war by helping his country to qualify for the 2006 World cup? Didier Drogba
26%
Which former Arsenal player has 17 sisters and 10 brothers? Alex Song
24%
Osama Bin Laden was awful, but what football team was he partial to? Arsenal
24%
What former Newcastle United midfielder's name is Vagina Dildo when the letters are re-arranged? David Ginola
21%
Who is the only footballing superman to score 100 premier league goals, without ever scoring a hattrick? Ryan Giggs
21%
Who scored the fastest ever Premier League Goal? Ledley King
19%
Who is the only player to win back-to-back trebles with 2 different teams? Samuel Eto'o
19%
Who was the first player in history to ever join Manchester United from Chelsea? Juan Mata
14%
Who once famously played for Wales in the morning, and Bayern Munich in the afternoon? Mark Hughes
14%
What Bundesliga star reduces the crime rate in his country when he is playing? Javier Hernandez
12%
Name the only national team to ever play Brazil and not lose - 2 wins, 2 draws? Norway
7%
Who is officially (voted by FIFA and the Queen) the all time best player ever and all round best guy with the nicest character? Michael Owen
2%
No matching quizzes found
Score Distribution
Percent of People with Each Score
Percentile by Number Answered
Your Score History
You have not taken this quiz